FIRST TERM AT MALORY TOWERS (Record no. 73671)

MARC details
000 -LEADER
fixed length control field 00433nam a2200181Ia 4500
008 - FIXED-LENGTH DATA ELEMENTS--GENERAL INFORMATION
fixed length control field 090123s9999 xx 000 0 und d
082 ## - DEWEY DECIMAL CLASSIFICATION NUMBER
Item number 35604
100 ## - MAIN ENTRY--PERSONAL NAME
Personal name ENID BLYTON
245 ## - TITLE STATEMENT
Title FIRST TERM AT MALORY TOWERS
250 ## - EDITION STATEMENT
Edition statement 0
260 ## - PUBLICATION, DISTRIBUTION, ETC. (IMPRINT)
Name of publisher, distributor, etc DRAGON BOOK
300 ## - PHYSICAL DESCRIPTION
Extent 172
600 ## - SUBJECT ADDED ENTRY--PERSONAL NAME
Personal name ENID BLYTON
630 ## - SUBJECT ADDED ENTRY--UNIFORM TITLE
Uniform title FIRST TERM AT MALORY TOWERS
700 ## - ADDED ENTRY--PERSONAL NAME
Personal name ENID BLYTON
730 ## - ADDED ENTRY--UNIFORM TITLE
Uniform title FIRST TERM AT MALORY TOWERS
942 ## - ADDED ENTRY ELEMENTS (KOHA)
Koha item type Book
Holdings
Withdrawn status Lost status Damaged status Not for loan Home library Current library Date acquired Cost, normal purchase price Total Checkouts Full call number Barcode Date last seen Cost, replacement price Price effective from Koha item type
      Added to bundle Jawahar Wachalanalaya, Kalwa Jawahar Wachalanalaya, Kalwa 03/31/2006 0.00   35604 KLW-35604 01/23/2009 0.00 01/23/2009 Book